Вопросы физики формообразования и фазовых превращений: межвузовский тематический сборник

Detalhes bibliográficos
Autor Corporativo: Калининский государственный университет
Idioma:russo
Publicado em: Калинин, Калининский Гос-й ун-т, 1978
Assuntos:
Formato: MixedMaterials Livro
KOHA link:https://koha.lib.tpu.ru/cgi-bin/koha/opac-detail.pl?biblionumber=173170

MARC

LEADER 00000nam0a2200000 4500
001 173170
005 20251220071621.0
035 |a (RuTPU)RU\TPU\book\187828 
090 |a 173170 
100 |a 20091221d1978 m y0rusy50 ca 
101 0 |a rus 
102 |a RU 
105 |a a z 001zy 
200 1 |a Вопросы физики формообразования и фазовых превращений  |e межвузовский тематический сборник  |f Калининский государственный университет 
210 |a Калинин  |c Калининский Гос-й ун-т  |d 1978 
215 |a 154 с.  |c ил. 
320 |a Библиография в конце статей 
610 1 |a фазовые переходы 
610 1 |a поверхностные явления 
610 1 |a термодинамика 
610 1 |a кинетика 
610 1 |a формообразование 
610 1 |a физика 
610 1 |a физические лаборатории 
675 |a 536.7  |v 3 
712 0 2 |7 ca  |8 rus  |a Калининский государственный университет  |c 1971-1990  |2 stltpush  |3 (RuTPU)RU\TPU\col\6821  |9 24273 
801 1 |a RU  |b 63413507  |c 20091221 
801 2 |a RU  |b 63413507  |c 20160928  |g RCR 
942 |c BK